Statistics for Birds By Picture

Click here to take the quiz!

General Stats

  • This quiz has been taken 30 times
  • The average score is 6 of 15

Answer Stats

Answer% Correct
Atlantic Puffin
85%
Emperor Penguin
85%
Flamingo
85%
Toco Toucan
81%
Snowy Owl
73%
House Sparrow
35%
Mourning Dove
35%
Kākāpō
27%
Cedar Waxwing
23%
Cattle Egret
19%
Rufous Hummingbird
19%
Black Vulture
15%
House Finch
15%
Egyptian Vulture
12%
Atlantic Canary
8%

Score Distribution

Percentile by Number Answered

Percent of People with Each Score

Your Score History

You have not taken this quiz